Việt Nam thi văn hợp tuyển
Gespeichert in:
| 1. Verfasser: | |
|---|---|
| Format: | Buch |
| Sprache: | Undetermined |
| Veröffentlicht: |
Thành phố Hồ Chí Minh
Trẻ
2005
|
| Schlagworte: | |
| Tags: |
Tag hinzufügen
Keine Tags, Fügen Sie den ersten Tag hinzu!
|
| Thư viện lưu trữ: | Trung tâm Học liệu Trường Đại học Cần Thơ |
|---|
| LEADER | 00570nam a2200205Ia 4500 | ||
|---|---|---|---|
| 001 | CTU_112459 | ||
| 008 | 210402s9999 xx 000 0 und d | ||
| 020 | |c 48000 | ||
| 082 | |a 895.9221008 | ||
| 082 | |b H104 | ||
| 100 | |a Dương, Quảng Hàm | ||
| 245 | 0 | |a Việt Nam thi văn hợp tuyển | |
| 245 | 0 | |c Dương Quảng Hàm | |
| 260 | |a Thành phố Hồ Chí Minh | ||
| 260 | |b Trẻ | ||
| 260 | |c 2005 | ||
| 650 | |a Vietnamese poetry | ||
| 650 | |x Collections | ||
| 904 | |i Minh | ||
| 980 | |a Trung tâm Học liệu Trường Đại học Cần Thơ | ||